000 00949nam a22003017a 4500
003 CHAP
005 20220817042937.0
008 971013s1985 r 10010 d
010 _a60706
011 _a61678
035 _a65846
040 _cCHAP
090 _aFolleto 9633
111 0 0 _aReunión Nacional Sobre Manejo de Suelos Arcillosos y su Aplicación en la Agricultura (
_n1
_d: 1985
_c: Celaya, Gto.)
_996581
245 _aResúmenes
260 _aChapingo, Méx. :
_bColegio de Postgraduados,
_c1985
300 _a38 p.
590 _aBATCH-UPD
_b10
_c20130110
_lUCH01
_h1343
590 _aBATCH-UPD
_b10
_c20130410
_lUCH01
_h0843
590 _aBATCH-UPD
_b10
_c20130914
_lUCH01
_h2002
590 _aCONVERSION
_b10
_c20130109
_lUCH01
_h1333
650 1 4 _aArcilla en suelos.
_96827
650 1 4 _aSuelos arcillosos.
_9110534
710 0 _aUACH.
901 _aBK
942 _cFOLL
949 _aFolleto 9633
_bBC
_cCONG
_d-149922
_eCONG
_i65846
_si
999 _c60706
_d60706